000 00357nam a2200133Ia 4500
008 231129s9999||||xx |||||||||||||| ||spa||
020 _a958-682-135-8
040 _bspa
082 _a621.372 C925i
100 _aCreus Solé Antonio
245 0 _aInstrumentación industrial
264 _aAlfaomega
942 _2ddc
_cBKS
999 _c15752
_d15752